[Event "AUTO-MASTER-3234"]
[Site "http://www.queenalice.com/game.php?id=1859168"]
[Date "2025.6.24"]
[Round "3"]
[White "attachui"]
[Black "yamato"]
[Result "1-0"]
[WhiteElo "2168"]
[BlackElo "2197"]

1. d4 Nf6 2. c4 c5 3. d5 e5 4. dxe6 fxe6 5. Nc3 Nc6 6. Nf3 d6 7. Bf4 Be7 8. e4
e5 9. Bg3 O-O 10. Bd3 a6 11. O-O Rb8 12. Nd5 Bg4 13. Nxf6+ Bxf6 14. Be2 Bxf3 15.
Bxf3 Nd4 16. Bg4 b5 17. b3 bxc4 18. bxc4 Rb4 19. Qd3 Qe7 20. Rfb1 Rfb8 21. a3
Rb3 22. Rxb3 Rxb3 23. Qd1 Qb7 24. f4 Qxe4 25. fxe5 dxe5 26. Bf2 h6 27. Be6+ Nxe6
28. Qxb3 Nf4 29. Qf3 Qxc4 30. Rb1 Kh7 31. g3 Qd3 32. Rb3 Ne2+ 33. Kg2 1-0

[Event "AUTO-MASTER-3271"]
[Site "http://www.queenalice.com/game.php?id=1859758"]
[Date "2025.7.10"]
[Round "1"]
[White "JailtonMaster"]
[Black "yamato"]
[Result "1-0"]
[WhiteElo "2074"]
[BlackElo "2182"]

1. e4 e6 2. d4 d5 3. exd5 exd5 4. Nf3 Bd6 5. Bd3 Ne7 6. O-O f6 7. Re1 O-O 8. c3
Nbc6 9. Qc2 g6 10. Bh6 Re8 11. Nh4 Kf7 12. Nd2 f5 13. Bg5 Qd7 14. Ndf3 Ng8 15.
Rxe8 Kxe8 16. Re1+ Kf7 17. Ne5+ Bxe5 18. dxe5 Qe8 19. Bb5 Be6 20. Nf3 a6 21.
Bxc6 bxc6 22. Bf4 h6 23. Nd4 c5 24. Nxe6 Kxe6 25. Be3 Qf8 26. b4 c4 27. g4 Qf7
28. Qa4 Qd7 29. Qc2 Rf8 30. a4 Qf7 31. Bc5 Rb8 32. f3 c6 33. b5 cxb5 34. axb5
Rxb5 35. Ra1 Qc7 36. Rxa6+ Kf7 37. e6+ Kf6 38. Bd4+ Ke7 39. Qa4 Rb1+ 40. Kg2
Rb2+ 41. Bf2 Qc5 42. Ra7+ Kf6 43. Rf7+ Ke5 44. Qa7 Qxf2+ 45. Qxf2 Rxf2+ 46. Kxf2
Kxe6 47. Ra7 fxg4 48. fxg4 Nf6 49. Ra6+ Kf7 50. Kf3 g5 51. h3 h5 52. gxh5 Nxh5
53. Kg4 Nf4 54. h4 Ne2 55. hxg5 Nxc3 56. g6+ Kg7 57. Kf5 d4 58. Ra7+ Kg8 59. g7
Kh7 60. Kf6 d3 61. Kf7 1-0

[Event "AUTO-ELITE-2599"]
[Site "http://www.queenalice.com/game.php?id=1865653"]
[Date "2025.11.16"]
[Round "1"]
[White "yamato"]
[Black "boilermaker1234"]
[Result "0-1"]
[WhiteElo "2174"]
[BlackElo "2476"]

1. d4 d5 2. Nf3 Nf6 3. c4 e6 4. Nc3 dxc4 5. e3 a6 6. Bxc4 b5 7. Bd3 Bb7 8. O-O
c5 9. Qe2 Nbd7 10. Rd1 Qc7 11. Bd2 Be7 12. Rac1 c4 13. Bb1 O-O 14. e4 b4 15. Na4
Rfc8 16. Bg5 Qa5 17. b3 h6 18. Bh4 c3 19. e5 Bxf3 20. Qxf3 Nd5 21. Bxe7 Nxe7 22.
Qe4 Nf8 23. Rd3 Neg6 24. h4 Rd8 25. h5 Ne7 26. Qg4 Nf5 27. Rcd1 Rac8 28. Bc2 Rd5
29. Qf4 Nh7 30. g4 Ne7 31. Qg3 Rcd8 32. f4 Nc6 33. Qe3 Qc7 34. Qe4 Qa7 0-1

[Event "AUTO-ELITE-2599"]
[Site "http://www.queenalice.com/game.php?id=1865654"]
[Date "2025.11.16"]
[Round "1"]
[White "boilermaker1234"]
[Black "yamato"]
[Result "1-0"]
[WhiteElo "2470"]
[BlackElo "2185"]

1. d4 Nf6 2. Nc3 e6 3. Bf4 d5 4. e3 a6 5. Bd3 c5 6. dxc5 Bxc5 7. Nf3 Nc6 8. O-O
O-O 9. e4 Nb4 10. e5 Nxd3 11. Qxd3 Nh5 12. Be3 Bxe3 13. Qxe3 f5 14. Rfd1 Qe7 15.
a4 f4 16. Qb6 g5 17. h3 Ng7 18. Rd3 h5 19. Qd6 Qxd6 20. exd6 g4 21. hxg4 hxg4
22. Ne5 Rd8 23. Nxg4 Rxd6 24. Re1 Rb6 25. b3 Rc6 26. Nf6+ Kf7 27. Ng4 Rc7 28.
Ne2 Rxc2 29. Nxf4 Bd7 30. Ne5+ Ke7 31. Rh3 Be8 32. Rh7 Rac8 33. Rxg7+ 1-0

[Event "AUTO-MASTER-3294"]
[Site "http://www.queenalice.com/game.php?id=1868498"]
[Date "2026.1.26"]
[Round "1"]
[White "Magnaroc"]
[Black "yamato"]
[Result "0-1"]
[WhiteElo "1565"]
[BlackElo "2196"]

1. e4 c5 2. Nf3 d6 3. Bb5+ Bd7 4. Bxd7+ Qxd7 5. Nc3 Nc6 6. d4 cxd4 7. Nxd4 g6 8.
O-O Bg7 9. Nxc6 Qxc6 10. Qd5 Nf6 11. Qxc6+ bxc6 12. Bg5 h6 13. Bxf6 Bxf6 14. Na4
Rb8 0-1

[Event "AUTO-MASTER-3294"]
[Site "http://www.queenalice.com/game.php?id=1868499"]
[Date "2026.1.26"]
[Round "1"]
[White "yamato"]
[Black "Magnaroc"]
[Result "1-0"]
[WhiteElo "2197"]
[BlackElo "1563"]

1. d4 e6 2. c4 Bb4+ 3. Bd2 Qe7 4. Nc3 Nf6 5. Qc2 O-O 6. Nf3 h6 7. e4 d6 8. Be2
c6 9. O-O a6 10. e5 dxe5 11. dxe5 Nfd7 12. a3 Bxc3 13. Bxc3 Rd8 14. Qe4 1-0

[Event "AUTO-MASTER-3294"]
[Site "http://www.queenalice.com/game.php?id=1868514"]
[Date "2026.1.26"]
[Round "1"]
[White "yamato"]
[Black "Guilherme_Ottoni"]
[Result "1/2-1/2"]
[WhiteElo "2184"]
[BlackElo "2224"]

1. d4 Nf6 2. Nf3 d5 3. c4 e6 4. Nc3 c5 5. cxd5 Nxd5 6. e4 Nxc3 7. bxc3 cxd4 8.
cxd4 Bb4+ 9. Bd2 Bxd2+ 10. Qxd2 O-O 11. Bc4 Nd7 12. O-O b6 13. d5 Nf6 14. dxe6
Bxe6 15. Bxe6 Qxd2 16. Bxf7+ Rxf7 17. Nxd2 Rd8 18. Nc4 Nxe4 19. a4 Rc7 20. Ne3
Rd2 21. f3 Nf6 22. Rf2 Rxf2 1/2-1/2

[Event "AUTO-MASTER-3294"]
[Site "http://www.queenalice.com/game.php?id=1868515"]
[Date "2026.1.26"]
[Round "1"]
[White "Guilherme_Ottoni"]
[Black "yamato"]
[Result "1/2-1/2"]
[WhiteElo "2254"]
[BlackElo "2167"]

1. e4 c5 2. Nf3 d6 3. Bb5+ Bd7 4. Bxd7+ Qxd7 5. c4 Nc6 6. Nc3 g6 7. d4 cxd4 8.
Nxd4 Bg7 9. Be3 Nf6 10. f3 O-O 11. O-O Rfc8 12. b3 Nxd4 13. Bxd4 Ne8 14. Nd5 e6
15. Nc3 Nf6 16. Rc1 Rd8 17. Qd2 a6 18. Rfd1 b5 19. cxb5 axb5 20. a4 bxa4 21.
bxa4 d5 22. exd5 Nxd5 23. Bxg7 Kxg7 24. Qd4+ Kg8 25. Nxd5 1/2-1/2

[Event "AUTO-MASTER-3294"]
[Site "http://www.queenalice.com/game.php?id=1868516"]
[Date "2026.1.26"]
[Round "1"]
[White "yamato"]
[Black "maurice916"]
[Result "1-0"]
[WhiteElo "2170"]
[BlackElo "1908"]

1. d4 d6 2. Nf3 Nf6 3. c4 g6 4. Nc3 Bg7 5. e4 Nbd7 6. Be2 O-O 7. O-O Re8 8. Be3
e5 9. d5 Qe7 10. Nd2 b6 11. b4 Bb7 12. Nb3 a6 13. Qc2 h6 14. Rac1 Rac8 15. Rfd1
c5 16. dxc6 Bxc6 17. Qd3 Bf8 18. f3 Qe6 19. Qd2 Bb7 20. Nd5 g5 21. h3 Nxd5 22.
cxd5 Qg6 23. Rxc8 Rxc8 24. Rc1 f6 25. Rxc8 Bxc8 26. Qc3 Qe8 27. Qc7 Be7 28. Bxb6
Nxb6 29. Qxb6 Kg7 30. Bxa6 Bxa6 31. Qxa6 Qc8 32. Qxc8 1-0

[Event "AUTO-MASTER-3294"]
[Site "http://www.queenalice.com/game.php?id=1868517"]
[Date "2026.1.26"]
[Round "1"]
[White "maurice916"]
[Black "yamato"]
[Result "0-1"]
[WhiteElo "1901"]
[BlackElo "2171"]

1. Nf3 Nf6 2. b3 g6 3. Bb2 Bg7 4. e3 O-O 5. c4 d6 6. Bd3 e5 7. e4 c5 8. Nc3 Nc6
9. O-O a6 10. Rc1 h6 11. Nd5 Rb8 12. Bb1 Nh7 13. d3 b5 14. Nd2 f5 15. f4 Be6 16.
fxe5 dxe5 17. Nf3 g5 18. h3 f4 19. Nh2 b4 20. Ng4 Qd7 21. Qd2 Bxg4 22. hxg4 Qxg4
23. Bc2 Qh5 24. Bd1 g4 25. Qf2 Nd4 26. Bxd4 cxd4 27. Ne7+ Kh8 28. Nf5 Rxf5 29.
exf5 Qxf5 30. Bc2 Ng5 31. Rfe1 g3 32. Qf3 Nxf3+ 33. gxf3 Qh5 0-1

[Event "AUTO-MASTER-3304"]
[Site "http://www.queenalice.com/game.php?id=1872693"]
[Date "2026.4.30"]
[Round "1"]
[White "cerenzo72"]
[Black "yamato"]
[Result "0-1"]
[WhiteElo "2157"]
[BlackElo "2175"]

1. c4 c5 2. e3 Nf6 3. Nf3 e6 4. Nc3 Nc6 5. d4 d5 6. cxd5 exd5 7. Be2 Bd6 8. O-O
O-O 9. b3 a6 10. Bb2 Re8 11. Rc1 cxd4 12. Nxd4 Bc7 13. Bf3 Qd6 14. h3 Qh2# 0-1